| 000 | 00368nam a2200133Ia 4500 | ||
|---|---|---|---|
| 082 | _a332.31 JHA | ||
| 100 |
_aJha, Nand Kishore _92423 |
||
| 245 | _aBank finance and green revolution in India | ||
| 260 |
_aDelhi _c1985 _bAmar Prakashan |
||
| 300 | _axi, 358p. :ill. ;22cm. | ||
| 500 | _aBibliography details | ||
| 650 |
_agricultural credit - India _92424 |
||
| 942 | _cBK | ||
| 999 |
_c1159 _d1159 |
||